Vývoj trhovej pozície v.o.s. Lidl na Slovensku diplomová práca

Salvato in:
Dettagli Bibliografici
Autore principale: Ondrášek, Jozef
Ente Autore: Obchodná fakulta EU. Katedra marketingu
Altri autori: Kita, Pavol
Natura: Libro
Lingua:slovacco
Pubblicazione: Bratislava 2016
Tags: Aggiungi Tag
Nessun Tag, puoi essere il primo ad aggiungerne!!

MARC

LEADER 00000nbm a2200000 4500
001 0216821
005 20170112113246.9
041 0 |a slo 
044 |a SK 
245 1 0 |a Vývoj trhovej pozície v.o.s. Lidl na Slovensku  |b diplomová práca  |c Jozef Ondrášek ; školiteľ: Pavol Kita 
264 1 |a Bratislava  |c 2016 
300 |a 57 s. 
100 1 |a Ondrášek, Jozef 
700 1 |a Kita, Pavol 
710 2 |a Obchodná fakulta EU. Katedra marketingu